000 00335nam a2200133Ia 4500
008 240624s9999 xx 000 0 und d
041 _aeng
082 _a332.64 GUO
100 _aGUO XIN
245 _aQUANTITATIVE TRADING ALGORITHMS ANALYTIC
260 _c2017
_aLondon
_bCRC Press
300 _axxii, 357 p.; 23 cm.
365 _c
_b30
999 _c30621
_d30621